Normal view MARC view

Entry Topical Term

Number of records used in: 1

001 - CONTROL NUMBER

  • control field: 34434

003 - CONTROL NUMBER IDENTIFIER

  • control field: OSt

005 - DATE AND TIME OF LATEST TRANSACTION

  • control field: 20221221144841.0

008 - FIXED-LENGTH DATA ELEMENTS

  • fixed length control field: 221221|| aca||aabn | a|a d

040 ## - CATALOGING SOURCE

  • Original cataloging agency: OSt
  • Transcribing agency: OSt

150 ## - HEADING--TOPICAL TERM

  • Topical term or geographic name entry element: Northeast, Natural energy sources, Hydel power, Wind power, Solar power, Natural resources

670 ## - SOURCE DATA FOUND

  • Source citation: Work cat.: (OSt)520536: Ranade, Vijay 34433, The Northeast: strategic implications of the soft power of there energy storehouse of India

Powered by Koha